000 00404nam a22001457a 4500
005 20250320120943.0
008 250320b |||||||| |||| 00| 0 eng d
020 _a9780749429508
050 _aHD31
_bKAM
100 _aKamp, DI
245 _aThe 21st century manager;
_bfuture-focused skills for the next millennium
260 _aLondon
_bKogan Page Ltd
_cc1999
300 _avii, 210p
942 _2lcc
_cBK
_n0
999 _c5004
_d5004